[Event "87th DEN-ch"]
[Site "Silkeborg DEN"]
[Date "2008.03.15"]
[Round "1"]
[White "Antonsen, Mikkel"]
[Black "Matthiesen, Arne"]
[WhiteElo "2429"]
[BlackElo "2314"]
[Result "1/2-1/2"]
[EventDate "2008.03.15"]
[PlyCount "79"]
[Source "ChessBase"]
[SourceDate "2008.05.06"]

1. d4 d5 2. c4 dxc4 3. e4 Nf6 4. e5 Nd5 5. Bxc4 Nb6 6. Bb3 Nc6 7. Ne2 Bf5 8.
Nbc3 e6 9. O-O Qd7 10. Be3 O-O-O 11. Bc2 Bxc2 12. Qxc2 Be7 13. a3 f5 14. b4 g5
15. f3 Kb8 16. Bf2 h5 17. Rfd1 g4 18. b5 Na5 19. f4 h4 20. Be1 Nac4 21. Qb3 h3
22. g3 Ne3 23. Rd3 Ned5 24. Bf2 Nxc3 25. Rxc3 Qd5 26. Qxd5 Rxd5 27. a4 Bb4 28.
Rc2 Rd7 29. Nc1 Nd5 30. Nd3 Rc8 31. a5 Be7 32. a6 c6 33. axb7 Kxb7 34. bxc6+
Rxc6 35. Rxa7+ Kxa7 36. Rxc6 Rb7 37. Rc1 Rb3 38. Nc5 Bxc5 39. dxc5 Kb7 40. Kf1
1/2-1/2

[Event "87th DEN-ch"]
[Site "Silkeborg DEN"]
[Date "2008.03.15"]
[Round "1"]
[White "Glud, Jakob Vang"]
[Black "Jacobsen, Bo"]
[WhiteElo "2456"]
[BlackElo "2316"]
[Result "0-1"]
[EventDate "2008.03.15"]
[PlyCount "97"]
[Source "ChessBase"]
[SourceDate "2008.05.06"]

1. c4 e5 2. g3 Nc6 3. Bg2 f5 4. Nc3 Bb4 5. Nd5 Bc5 6. a3 a5 7. e3 d6 8. Ne2 Nf6
9. O-O O-O 10. Rb1 Nxd5 11. cxd5 Ne7 12. d4 Bb6 13. Nc3 Ng6 14. f4 exd4 15.
exd4 Re8 16. Qd3 Qf6 17. Rd1 Bd7 18. Be3 Nh8 19. Bf2 Nf7 20. Re1 Nh6 21. h3 Kh8
22. Kf1 Ng8 23. Rbc1 Qf7 24. Rxe8 Rxe8 25. Re1 Rf8 26. Bf3 Nf6 27. Kg2 h6 28.
Qe3 Re8 29. Qd2 Rg8 30. Be3 a4 31. Bf2 Ba5 32. Qe2 Re8 33. Qc4 Rxe1 34. Bxe1 b5
35. Qa2 Bxc3 36. bxc3 c6 37. c4 cxd5 38. cxb5 Bxb5 39. Qb1 Qe8 40. Bb4 Qe3 41.
Qg1 Qb3 42. Qc1 Bc4 43. g4 Ne4 44. Be1 Qd3 45. Qd1 Qxa3 46. gxf5 Qb2+ 47. Kg1
Bb3 48. Qd3 Qc1 49. Kf1 0-1

[Event "87th DEN-ch"]
[Site "Silkeborg DEN"]
[Date "2008.03.15"]
[Round "1"]
[White "Hansen, Sune Berg"]
[Black "Matthiesen, Martin"]
[WhiteElo "2549"]
[BlackElo "2365"]
[Result "1-0"]
[EventDate "2008.03.15"]
[PlyCount "63"]
[Source "ChessBase"]
[SourceDate "2008.05.06"]

1. e4 e5 2. Nf3 Nf6 3. d4 Nxe4 4. Bd3 d5 5. dxe5 Nc6 6. O-O Bg4 7. Nc3 Nxc3 8.
bxc3 Be7 9. Re1 O-O 10. Rb1 Rb8 11. h3 Be6 12. Nd4 Nxd4 13. cxd4 c5 14. dxc5
Bxc5 15. Qh5 g6 16. Qh6 Qa5 17. Bg5 Rfe8 18. Bf6 Bf8 19. Qf4 Bd7 20. Qg3 Qa4
21. e6 Bxe6 22. Bb5 Qxc2 23. Bxe8 Rxe8 24. Rxb7 Bc5 25. Bc3 d4 26. Rb8 Rxb8 27.
Qxb8+ Kg7 28. Qe5+ Kg8 29. Bxd4 Bxd4 30. Qxd4 a6 31. a4 h5 32. Re4 1-0

[Event "87th DEN-ch"]
[Site "Silkeborg DEN"]
[Date "2008.03.15"]
[Round "1"]
[White "Holmsgaard, Henrik"]
[Black "Schandorff, Lars"]
[WhiteElo "2324"]
[BlackElo "2526"]
[Result "1/2-1/2"]
[EventDate "2008.03.15"]
[PlyCount "73"]
[Source "ChessBase"]
[SourceDate "2008.05.06"]

1. e4 e5 2. Bc4 Nf6 3. d3 Bc5 4. Nc3 c6 5. Nf3 d6 6. O-O Nbd7 7. a4 Bb6 8. b4
h6 9. Bb2 O-O 10. Bb3 a5 11. bxa5 Bxa5 12. Ne2 Nc5 13. Bc4 Bc7 14. c3 Bg4 15.
Ng3 Qd7 16. h3 Bxf3 17. Qxf3 Nxa4 18. Bc1 d5 19. Bb3 Nc5 20. Rxa8 Rxa8 21. Bc2
Qd8 22. Nf5 Ne6 23. Bb3 Kh8 24. Qg3 Nh5 25. Qg4 Nf6 26. Qg3 Nh5 27. Qg4 Nf6 28.
Qg3 Nh7 29. Qf3 Nc5 30. Bc2 Ne6 31. Bb3 Nc5 32. Bc2 Ne6 33. Bb3 Nc5 34. Bc2 Ne6
35. Bb3 Nc5 36. Bc2 Ne6 37. Bb3 1/2-1/2

[Event "87th DEN-ch"]
[Site "Silkeborg DEN"]
[Date "2008.03.15"]
[Round "1"]
[White "Knudsen, Per"]
[Black "Kristiansen, Jens"]
[WhiteElo "2305"]
[BlackElo "2441"]
[Result "0-1"]
[EventDate "2008.03.15"]
[PlyCount "56"]
[Source "ChessBase"]
[SourceDate "2008.05.06"]

1. Nf3 g6 2. c4 Bg7 3. d4 f5 4. Nc3 Nf6 5. g3 O-O 6. Bg2 d6 7. O-O e6 8. Qc2
Nc6 9. d5 Nb4 10. Qa4 Na6 11. dxe6 Nc5 12. Qc2 Bxe6 13. b3 c6 14. Bb2 Qe7 15.
Rad1 a5 16. Ng5 Bd7 17. Rfe1 Ng4 18. Nh3 Be5 19. e3 Rae8 20. Qd2 Ne4 21. Qc2
Qg7 22. Na4 b5 23. Bxe5 Rxe5 24. Nb2 Qh6 25. Rd3 Nexf2 26. Nxf2 Qxh2+ 27. Kf1
Qxg3 28. Rxd6 Nh2+ 0-1

[Event "87th DEN-ch"]
[Site "Silkeborg DEN"]
[Date "2008.03.15"]
[Round "1"]
[White "Petersen, Tom Petri"]
[Black "Hoei, Carsten"]
[WhiteElo "2309"]
[BlackElo "2410"]
[Result "1/2-1/2"]
[EventDate "2008.03.15"]
[PlyCount "46"]
[Source "ChessBase"]
[SourceDate "2008.05.06"]

1. e4 g6 2. d4 Bg7 3. Nc3 d6 4. Nf3 Nf6 5. h3 O-O 6. Be3 a6 7. a4 Nc6 8. Be2 e5
9. dxe5 dxe5 10. O-O Qe7 11. Nd5 Nxd5 12. Qxd5 Rd8 13. Qc5 Qe8 14. Rfd1 Be6 15.
b3 Nd4 16. Nxd4 exd4 17. Rxd4 b6 18. Rxd8 Qxd8 19. Qa3 Bxa1 20. Qxa1 f6 21. a5
bxa5 22. Qxa5 Qd6 23. Qc3 Kf7 1/2-1/2

[Event "87th DEN-ch"]
[Site "Silkeborg DEN"]
[Date "2008.03.15"]
[Round "1"]
[White "Rasmussen, Allan Stig"]
[Black "Boe, Mads"]
[WhiteElo "2510"]
[BlackElo "2337"]
[Result "1-0"]
[EventDate "2008.03.15"]
[PlyCount "83"]
[Source "ChessBase"]
[SourceDate "2008.05.06"]

1. e4 Nf6 2. e5 Nd5 3. d4 d6 4. c4 Nb6 5. exd6 exd6 6. Nc3 Be7 7. Nf3 Bg4 8. h3
Bh5 9. Be3 Nc6 10. b3 O-O 11. Be2 Bg6 12. Rc1 Re8 13. Qd2 Nd7 14. O-O Nf6 15.
d5 Nb8 16. Nd4 Nbd7 17. Kh2 Ne4 18. Nxe4 Bxe4 19. f3 Bg6 20. Rce1 Bf6 21. f4
Be4 22. Bf2 a5 23. Bg4 h6 24. Ne6 fxe6 25. Bxe6+ Rxe6 26. dxe6 Bc6 27. exd7
Qxd7 28. Bd4 Bh4 29. g3 Be7 30. Qe3 Bf8 31. f5 Qf7 32. Qe6 a4 33. Rf2 b5 34.
Rc1 b4 35. g4 axb3 36. axb3 Ra3 37. Qe3 Ba8 38. Bb2 Ra5 39. Ra1 Rxa1 40. Bxa1
c5 41. Qe6 Bb7 42. Ra2 1-0

[Event "87th DEN-ch"]
[Site "Silkeborg DEN"]
[Date "2008.03.16"]
[Round "2"]
[White "Boe, Mads"]
[Black "Glud, Jakob Vang"]
[WhiteElo "2337"]
[BlackElo "2456"]
[Result "0-1"]
[EventDate "2008.03.15"]
[PlyCount "62"]
[Source "ChessBase"]
[SourceDate "2008.05.06"]

1. d4 d5 2. Nf3 Nf6 3. c3 g6 4. Bf4 Bg7 5. h3 O-O 6. e3 b6 7. Nbd2 Nbd7 8. a4
a6 9. Bd3 Bb7 10. O-O Ne4 11. Qc2 Nxd2 12. Qxd2 c5 13. Bh2 e6 14. b4 c4 15. Bc2
a5 16. b5 f6 17. Rfe1 e5 18. e4 f5 19. exf5 e4 20. Ne5 gxf5 21. Nxd7 Qxd7 22.
Bf4 Rae8 23. Bd1 Re6 24. g4 fxg4 25. Bxg4 Rg6 26. Bg3 Rxg4 27. hxg4 Qxg4 28.
Qd1 Rf3 29. Re3 h5 30. Rxf3 exf3 31. Qe1 h4 0-1

[Event "87th DEN-ch"]
[Site "Silkeborg DEN"]
[Date "2008.03.16"]
[Round "2"]
[White "Jacobsen, Bo"]
[Black "Rasmussen, Allan Stig"]
[WhiteElo "2316"]
[BlackElo "2510"]
[Result "0-1"]
[EventDate "2008.03.15"]
[PlyCount "96"]
[Source "ChessBase"]
[SourceDate "2008.05.06"]

1. c4 e5 2. Nc3 d6 3. d4 c6 4. Nf3 Qe7 5. e4 Nf6 6. Be2 Nbd7 7. O-O g6 8. Re1
Bg7 9. b4 a5 10. b5 O-O 11. bxc6 bxc6 12. d5 Bb7 13. Rb1 Nc5 14. Bf1 Rfc8 15.
Ba3 cxd5 16. cxd5 Bh6 17. Bb5 Rc7 18. Bxc5 Rxc5 19. Na4 Rc7 20. Nb6 Ra7 21. Nd2
Rc5 22. Na4 Rc7 23. Nc4 Nd7 24. Rb3 Nc5 25. Ra3 Nxa4 26. Qxa4 Rc5 27. h4 Qc7
28. Rb1 Kg7 29. Kh2 Qd8 30. Kg1 Qc7 31. Kh2 Bf4+ 32. g3 Bh6 33. Qb3 f5 34. Bc6
Bxc6 35. dxc6 Qxc6 36. Qb8 Re7 37. Rb6 Qc7 38. Qxc7 Rcxc7 39. Nxd6 Rc2 40. Kg1
fxe4 41. Nxe4 Rc4 42. f3 Rc2 43. Rb1 Ra7 44. g4 Bf4 45. g5 a4 46. Nc3 Be3+ 47.
Kh1 Rd7 48. Nxa4 Bc1 0-1

[Event "87th DEN-ch"]
[Site "Silkeborg DEN"]
[Date "2008.03.16"]
[Round "2"]
[White "Kristiansen, Jens"]
[Black "Hansen, Sune Berg"]
[WhiteElo "2441"]
[BlackElo "2549"]
[Result "1/2-1/2"]
[EventDate "2008.03.15"]
[PlyCount "104"]
[Source "ChessBase"]
[SourceDate "2008.05.06"]

1. d4 d5 2. c4 c6 3. Nf3 Nf6 4. Nc3 e6 5. Bg5 h6 6. Bh4 dxc4 7. e4 g5 8. Bg3 b5
9. h4 g4 10. Ne5 h5 11. Be2 Bb7 12. O-O Nbd7 13. Nxf7 Kxf7 14. f3 Ke7 15. e5
Nd5 16. Nxd5+ cxd5 17. fxg4 hxg4 18. Bxg4 Qb6 19. h5 Kd8 20. Rf7 Kc7 21. Bf4
Re8 22. Qd2 Bc8 23. Rf1 Kb8 24. Kh1 b4 25. Rf3 Qa6 26. a3 c3 27. Qc2 cxb2 28.
Qxb2 Nb6 29. axb4 Nc4 30. Qf2 Bxb4 31. Bg5 Qa1+ 32. Kh2 Rhg8 33. Qh4 Be1 34. g3
Qxd4 35. h6 Bd2 36. Rb3+ Ka8 37. h7 Rgf8 38. Bh5 Rxf7 39. Qxd4 Rxh7 40. Bxd2
Rxh5+ 41. Kg2 Bb7 42. Be3 Nxe3+ 43. Rxe3 Rc8 44. Rf3 Rhh8 45. Kg1 Rc4 46. Qd3
Rhc8 47. Rf1 d4 48. Qg6 Rc2 49. Rf2 Rc1+ 50. Rf1 R1c2 51. Rf2 Rc1+ 52. Rf1 R1c2
1/2-1/2

[Event "87th DEN-ch"]
[Site "Silkeborg DEN"]
[Date "2008.03.16"]
[Round "2"]
[White "Matthiesen, Arne"]
[Black "Jakobsen, Ole"]
[WhiteElo "2314"]
[BlackElo "2364"]
[Result "1/2-1/2"]
[EventDate "2008.03.15"]
[PlyCount "60"]
[Source "ChessBase"]
[SourceDate "2008.05.06"]

1. d4 g6 2. c4 Bg7 3. Nf3 c5 4. d5 f5 5. g3 Nf6 6. Bg2 d6 7. O-O Na6 8. Nc3 O-O
9. Rb1 Bd7 10. b3 Rb8 11. Bb2 Nc7 12. a4 a6 13. a5 Nce8 14. Ra1 b5 15. axb6
Rxb6 16. Nd2 Nc7 17. Qc2 e5 18. dxe6 Bxe6 19. Na4 Rb8 20. Ra3 Qe7 21. e3 Bc8
22. Rd1 Bb7 23. Bxb7 Rxb7 24. Bxf6 Bxf6 25. Nb1 Rd8 26. Nac3 Bxc3 27. Nxc3 Re8
28. Nd5 Nxd5 29. Rxd5 Rb6 30. Rd3 Qb7 1/2-1/2

[Event "87th DEN-ch"]
[Site "Silkeborg DEN"]
[Date "2008.03.16"]
[Round "2"]
[White "Matthiesen, Martin"]
[Black "Knudsen, Per"]
[WhiteElo "2365"]
[BlackElo "2305"]
[Result "1/2-1/2"]
[EventDate "2008.03.15"]
[PlyCount "77"]
[Source "ChessBase"]
[SourceDate "2008.05.06"]

1. d4 d5 2. c4 c6 3. Nf3 Nf6 4. Nc3 Bf5 5. Qb3 Qb6 6. c5 Qc7 7. Bf4 Qc8 8. h3
Nbd7 9. e3 h6 10. Qd1 g5 11. Bg3 Bg7 12. Be2 O-O 13. h4 g4 14. Nd2 Re8 15. b4
e5 16. Nb3 b6 17. O-O a5 18. a3 a4 19. Nd2 exd4 20. exd4 bxc5 21. bxc5 Nf8 22.
Be5 Ng6 23. Nxa4 Nxe5 24. Nb6 Qd8 25. dxe5 Ne4 26. Nxe4 Bxe4 27. Bxg4 Qxh4 28.
Nxa8 Bxe5 29. Bh3 Kh8 30. Qg4 Qf6 31. Rae1 Rxa8 32. Rxe4 dxe4 33. Qxe4 Rxa3 34.
Rd1 Ra2 35. Qf5 Qe7 36. g3 Ra1 37. Rxa1 Bxa1 38. Bg2 Qe6 39. Qxe6 1/2-1/2

[Event "87th DEN-ch"]
[Site "Silkeborg DEN"]
[Date "2008.03.16"]
[Round "2"]
[White "Nielsen, Peter Heine"]
[Black "Holmsgaard, Henrik"]
[WhiteElo "2629"]
[BlackElo "2324"]
[Result "1-0"]
[EventDate "2008.03.15"]
[PlyCount "39"]
[Source "ChessBase"]
[SourceDate "2008.05.06"]

1. d4 d5 2. c4 c6 3. Nf3 Nf6 4. Nc3 dxc4 5. a4 Bg4 6. Ne5 Bh5 7. f3 e6 8. g4
Nd5 9. e4 Qh4+ 10. Ke2 Nxc3+ 11. bxc3 f6 12. Nxc4 Bf7 13. Ne3 f5 14. gxf5 exf5
15. Nxf5 Qh5 16. Rb1 b6 17. Bf4 Bg6 18. Rg1 h6 19. Qd3 Nd7 20. Bh3 1-0

[Event "87th DEN-ch"]
[Site "Silkeborg DEN"]
[Date "2008.03.16"]
[Round "2"]
[White "Rasmussen, Karsten"]
[Black "Petersen, Tom Petri"]
[WhiteElo "2486"]
[BlackElo "2309"]
[Result "1-0"]
[EventDate "2008.03.15"]
[PlyCount "79"]
[Source "ChessBase"]
[SourceDate "2008.05.06"]

1. d4 g6 2. c4 Bg7 3. g3 c5 4. d5 d6 5. Bg2 Na6 6. Nc3 Qa5 7. Qd3 Nf6 8. Bd2
O-O 9. Nf3 Bd7 10. O-O Qb6 11. b3 Nc7 12. e4 e5 13. Nh4 a5 14. h3 a4 15. bxa4
Bxa4 16. Rfb1 Qa6 17. Nxa4 Qxa4 18. Rxb7 Ra7 19. Rxa7 Qxa7 20. Nf3 Rb8 21. Ne1
Nd7 22. a4 f5 23. a5 fxe4 24. Qxe4 Na6 25. Qg4 Qc7 26. h4 Nf6 27. Qd1 Qd7 28.
Rb1 Ne8 29. Rxb8 Nxb8 30. h5 gxh5 31. Qxh5 Qa4 32. Qg4 Qd7 33. Qxd7 Nxd7 34.
Bh3 Nb8 35. Nf3 Bf6 36. Bc8 Nc7 37. Ng5 Nca6 38. Bf5 Nb4 39. Bxh7+ Kf8 40. Bf5
1-0

[Event "87th DEN-ch"]
[Site "Silkeborg DEN"]
[Date "2008.03.16"]
[Round "2"]
[White "Teplyi, Igor"]
[Black "Antonsen, Mikkel"]
[WhiteElo "2251"]
[BlackElo "2429"]
[Result "0-1"]
[EventDate "2008.03.15"]
[PlyCount "81"]
[Source "ChessBase"]
[SourceDate "2008.05.06"]

1. e4 e5 2. Nf3 Nc6 3. Bb5 a6 4. Bxc6 dxc6 5. O-O Qd6 6. d3 Ne7 7. Nbd2 Ng6 8.
Nc4 Qe6 9. b3 c5 10. Ne3 f6 11. Nf5 Ne7 12. Ne3 b6 13. a3 a5 14. Bd2 Nc6 15. c3
Bd6 16. Rb1 O-O 17. Re1 Rd8 18. Qc2 Qf7 19. b4 axb4 20. axb4 Ra2 21. Rb2 Rxb2
22. Qxb2 cxb4 23. cxb4 Be6 24. b5 Na5 25. d4 exd4 26. Nxd4 Be5 27. Bc3 Bxd4 28.
Bxd4 Nb3 29. Rd1 Qe8 30. Nf5 Qxb5 31. Nxg7 Nxd4 32. Qxb5 Nxb5 33. Rxd8+ Kxg7
34. f4 Nc3 35. f5 Bf7 36. Rc8 c5 37. Rc6 Na4 38. Kf2 b5 39. Ra6 Nb2 40. Ra5 b4
41. Ke3 0-1

[Event "87th DEN-ch"]
[Site "Silkeborg DEN"]
[Date "2008.03.17"]
[Round "3"]
[White "Glud, Jakob Vang"]
[Black "Matthiesen, Arne"]
[WhiteElo "2456"]
[BlackElo "2314"]
[Result "1-0"]
[EventDate "2008.03.15"]
[PlyCount "95"]
[Source "ChessBase"]
[SourceDate "2008.05.06"]

1. c4 Nf6 2. g3 e6 3. Bg2 d5 4. Nf3 Be7 5. Qc2 c5 6. d4 Nc6 7. dxc5 Qa5+ 8.
Nbd2 O-O 9. cxd5 Nb4 10. Qb1 Qxc5 11. O-O Nc2 12. Nb3 Qc4 13. dxe6 Nxa1 14.
exf7+ Qxf7 15. Qxa1 Qh5 16. h4 Bf5 17. Nbd4 Bc5 18. a3 Rae8 19. b4 Bb6 20. Bf4
Be4 21. a4 Ng4 22. a5 Bxd4 23. Qxd4 a6 24. Rd1 Bc6 25. Bh3 Re4 26. Qd3 Nf6 27.
Nd4 Rd8 28. e3 Ree8 29. Rc1 Be4 30. Qb3+ Bd5 31. Qd1 Qf7 32. Qc2 Be4 33. Qb2 h6
34. Rc7 Qh5 35. Bf1 Rxd4 36. Qxd4 Qf3 37. Bc4+ Kh8 38. Kf1 Qg2+ 39. Ke1 Qh1+
40. Kd2 Qg1 41. Bb3 Qxf2+ 42. Kc1 Bc6 43. Be5 Qe1+ 44. Kb2 Qf2+ 45. Ka3 Qf5 46.
Bf4 g5 47. g4 Qg6 48. h5 1-0

[Event "87th DEN-ch"]
[Site "Silkeborg DEN"]
[Date "2008.03.17"]
[Round "3"]
[White "Hansen, Sune Berg"]
[Black "Hoei, Carsten"]
[WhiteElo "2549"]
[BlackElo "2410"]
[Result "1/2-1/2"]
[EventDate "2008.03.15"]
[PlyCount "37"]
[Source "ChessBase"]
[SourceDate "2008.05.06"]

1. e4 g6 2. d4 Bg7 3. Nc3 d6 4. Be3 c6 5. h3 d5 6. Qd2 dxe4 7. Nxe4 Nd7 8. Nf3
Ngf6 9. Nxf6+ Nxf6 10. Bd3 O-O 11. O-O b6 12. Rad1 Bb7 13. Qe2 Qc7 14. Rfe1 e6
15. Ba6 Bxa6 16. Qxa6 Nd5 17. Bg5 b5 18. Qa3 c5 19. c3 1/2-1/2

[Event "87th DEN-ch"]
[Site "Silkeborg DEN"]
[Date "2008.03.17"]
[Round "3"]
[White "Holmsgaard, Henrik"]
[Black "Teplyi, Igor"]
[WhiteElo "2324"]
[BlackElo "2251"]
[Result "1/2-1/2"]
[EventDate "2008.03.15"]
[PlyCount "64"]
[Source "ChessBase"]
[SourceDate "2008.05.06"]

1. e4 c5 2. Nf3 d6 3. d4 cxd4 4. Nxd4 Nf6 5. Nc3 a6 6. Be2 e6 7. O-O Be7 8. Be3
O-O 9. f4 Qc7 10. a4 Nc6 11. Kh1 Re8 12. Bd3 Nb4 13. a5 Bd7 14. Qe1 Bc6 15. Qg3
Nxd3 16. cxd3 d5 17. e5 Nd7 18. Nb3 Rac8 19. Bd4 f5 20. exf6 Bxf6 21. Bxf6 Nxf6
22. Rae1 Bd7 23. Re5 Rf8 24. Rfe1 b6 25. Nd4 bxa5 26. Qf3 Rce8 27. h3 Qb6 28.
Qf2 g6 29. b3 Qc7 30. Qd2 Nh5 31. Nce2 Qb6 32. Qe3 Rc8 1/2-1/2

[Event "87th DEN-ch"]
[Site "Silkeborg DEN"]
[Date "2008.03.17"]
[Round "3"]
[White "Jakobsen, Ole"]
[Black "Jacobsen, Bo"]
[WhiteElo "2364"]
[BlackElo "2316"]
[Result "1-0"]
[EventDate "2008.03.15"]
[PlyCount "87"]
[Source "ChessBase"]
[SourceDate "2008.05.06"]

1. d4 Nf6 2. c4 c5 3. d5 e5 4. Nc3 d6 5. e4 h5 6. h4 g6 7. g3 a6 8. a3 Bg7 9.
f3 O-O 10. Bg5 Nbd7 11. Qd2 Qc7 12. Nh3 b5 13. cxb5 Nh7 14. Bh6 c4 15. Bxg7
Kxg7 16. Nf2 axb5 17. Nxb5 Qc5 18. Nc3 f5 19. Be2 f4 20. gxf4 Rxf4 21. b4 Qb6
22. Ncd1 Qd8 23. Ne3 Nb6 24. Ng2 Rf7 25. Qe3 Ba6 26. a4 Bb5 27. a5 Nd7 28. Rc1
Rc8 29. Nd1 Nb8 30. Nc3 Rb7 31. O-O Bd7 32. Rb1 Bh3 33. Qf2 Rf7 34. Qg3 Bxg2
35. Kxg2 Rf4 36. Rh1 Na6 37. Na4 Qe7 38. b5 Nc5 39. Nxc5 Rxc5 40. b6 Rf8 41. b7
Qc7 42. a6 Ra5 43. Ra1 c3 44. a7 1-0

[Event "87th DEN-ch"]
[Site "Silkeborg DEN"]
[Date "2008.03.17"]
[Round "3"]
[White "Petersen, Tom Petri"]
[Black "Matthiesen, Martin"]
[WhiteElo "2309"]
[BlackElo "2365"]
[Result "1-0"]
[EventDate "2008.03.15"]
[PlyCount "75"]
[Source "ChessBase"]
[SourceDate "2008.05.06"]

1. e4 c5 2. Nf3 d6 3. d3 Nc6 4. g3 g6 5. Bg2 Bg7 6. O-O Nf6 7. Re1 O-O 8. c3 e5
9. h3 Re8 10. Be3 Rb8 11. a3 a5 12. a4 b6 13. Na3 Bb7 14. Qd2 d5 15. Bg5 d4 16.
Nb5 Qd7 17. Rad1 Kh8 18. Qe2 Ng8 19. h4 h6 20. Bc1 f5 21. Nd2 f4 22. Kh2 Qd8
23. Nc4 Bf8 24. Qg4 fxg3+ 25. fxg3 Kh7 26. Rf1 Nf6 27. Qf3 Bg7 28. Bh3 Rf8 29.
Nbd6 Ba8 30. Qe2 Qe7 31. Rf2 Ne8 32. Rxf8 Bxf8 33. Nc8 Qc7 34. Qg4 Nf6 35. Qe6
Bg7 36. Rf1 Ng8 37. Rf7 Nd8 38. Rxc7 1-0

[Event "87th DEN-ch"]
[Site "Silkeborg DEN"]
[Date "2008.03.17"]
[Round "3"]
[White "Rasmussen, Allan Stig"]
[Black "Nielsen, Peter Heine"]
[WhiteElo "2510"]
[BlackElo "2629"]
[Result "0-1"]
[EventDate "2008.03.15"]
[PlyCount "90"]
[Source "ChessBase"]
[SourceDate "2008.05.06"]

1. e4 c5 2. Nf3 d6 3. d4 cxd4 4. Nxd4 Nf6 5. Nc3 a6 6. g3 e5 7. Nb3 Nbd7 8. a4
b6 9. Bg2 Bb7 10. O-O Be7 11. Re1 O-O 12. Nd2 Nc5 13. Nf1 b5 14. axb5 axb5 15.
Rxa8 Qxa8 16. Ne3 g6 17. Ned5 Nxd5 18. Nxd5 Bxd5 19. Qxd5 Qxd5 20. exd5 Rc8 21.
Bf1 b4 22. Bb5 b3 23. cxb3 Rb8 24. Ba4 Nxb3 25. Be3 Rb4 26. Bc6 Bd8 27. f4 Bf6
28. fxe5 Bxe5 29. Re2 Kg7 30. Kf1 h5 31. Bf2 Nd4 32. Bxd4 Rxd4 33. b3 h4 34.
gxh4 Rxh4 35. Kg1 f5 36. Rd2 Rh3 37. b4 Bc3 38. Re2 Bxb4 39. Re6 g5 40. Be8 g4
41. Bg6 Bc5+ 42. Kh1 Ra3 43. Kg2 f4 44. Bh5 f3+ 45. Kf1 f2 0-1

[Event "87th DEN-ch"]
[Site "Silkeborg DEN"]
[Date "2008.03.18"]
[Round "4"]
[White "Antonsen, Mikkel"]
[Black "Glud, Jakob Vang"]
[WhiteElo "2429"]
[BlackElo "2456"]
[Result "1/2-1/2"]
[EventDate "2008.03.15"]
[PlyCount "72"]
[Source "ChessBase"]
[SourceDate "2008.05.06"]

1. d4 Nf6 2. c4 e6 3. Nc3 Bb4 4. Bg5 h6 5. Bh4 O-O 6. Nf3 c5 7. d5 d6 8. e3
exd5 9. cxd5 Bf5 10. Bd3 Bxd3 11. Qxd3 Nbd7 12. O-O Qe7 13. Rfd1 Rac8 14. a3 c4
15. Qc2 Bc5 16. Nd2 Bb6 17. Nde4 g5 18. Bg3 Ne8 19. Nb5 Ne5 20. Qc3 f6 21. Bxe5
fxe5 22. Qb4 Qh7 23. Nbc3 Nf6 24. Nxf6+ Rxf6 25. Rd2 Rc5 26. Qa4 Rf8 27. Qd1
Ba5 28. Rc1 b5 29. Qg4 Qf5 30. h3 Kg7 31. Rcd1 Bxc3 32. bxc3 Qxg4 33. hxg4 Rb8
34. e4 Rb6 35. Ra2 Ra6 36. Rb1 Kg6 1/2-1/2

[Event "87th DEN-ch"]
[Site "Silkeborg DEN"]
[Date "2008.03.18"]
[Round "4"]
[White "Boe, Mads"]
[Black "Teplyi, Igor"]
[WhiteElo "2337"]
[BlackElo "2251"]
[Result "1/2-1/2"]
[EventDate "2008.03.15"]
[PlyCount "25"]
[Source "ChessBase"]
[SourceDate "2008.05.06"]

1. f4 c5 2. Nf3 d5 3. g3 g6 4. Bg2 Bg7 5. O-O Nc6 6. d3 Nf6 7. c3 O-O 8. Qc2
Qb6 9. Kh1 c4 10. dxc4 dxc4 11. e4 Rd8 12. Na3 Qa6 13. Qe2 1/2-1/2

[Event "87th DEN-ch"]
[Site "Silkeborg DEN"]
[Date "2008.03.18"]
[Round "4"]
[White "Hoei, Carsten"]
[Black "Kristiansen, Jens"]
[WhiteElo "2410"]
[BlackElo "2441"]
[Result "0-1"]
[EventDate "2008.03.15"]
[PlyCount "166"]
[Source "ChessBase"]
[SourceDate "2008.05.06"]

1. d4 g6 2. e4 d6 3. c4 e5 4. d5 Bg7 5. Nc3 Nd7 6. Nf3 Ne7 7. h4 Nf6 8. Be2 O-O
9. Bg5 Nh5 10. g3 Bg4 11. Qd2 a6 12. Nh2 Bxe2 13. Nxe2 f5 14. O-O-O Kh8 15. f3
Nf6 16. Nc3 b5 17. Qd3 b4 18. Ne2 Qd7 19. g4 h6 20. Bxf6 Bxf6 21. gxf5 gxf5 22.
Qd2 Kh7 23. exf5 Nxf5 24. Ng4 Bg7 25. Qd3 Kh8 26. Rdg1 h5 27. Nf2 Bh6+ 28. Kb1
Be3 29. Rg2 Bxf2 30. Rxf2 Qh7 31. Qe4 Rf7 32. Kc1 Raf8 33. Rg1 Ne7 34. Qxh7+
Kxh7 35. Rg5 Rf5 36. Rg3 Ng6 37. Rh3 Nf4 38. Nxf4 Rxf4 39. Kd2 Rxc4 40. Ke3 Rd4
41. Rg2 Rg8 42. Rc2 Rg7 43. Rc6 a5 44. Rh2 Rxd5 45. Rhc2 Rd4 46. Rxc7 Rxh4 47.
R7c6 Rd4 48. Ra6 Kg6 49. Rxa5 Kf5 50. Ra8 h4 51. Rh8 Rg1 52. Rh5+ Kg6 53. Rh8
Re1+ 54. Kf2 Red1 55. Ke3 R1d3+ 56. Ke2 b3 57. axb3 Rxb3 58. Rg8+ Kf7 59. Rh8
Ke6 60. Rh6+ Kf5 61. Rh5+ Kf6 62. Rh6+ Kg5 63. Rh8 Rdb4 64. Rc7 Rxb2+ 65. Ke3
R2b3+ 66. Ke2 Rb7 67. Rcc8 Rg7 68. Rcd8 Rg6 69. Rd7 Rb4 70. Ke3 Rd4 71. Rdh7 d5
72. Rh5+ Kf6 73. Rf8+ Kg7 74. Rff5 Rd1 75. Rxe5 Re1+ 76. Kd4 Rxe5 77. Kxe5 Rh6
78. Rg5+ Kf7 79. f4 h3 80. Rg1 Rh5+ 81. f5 Rh4 82. Kxd5 h2 83. Rh1 Kf6 0-1

[Event "87th DEN-ch"]
[Site "Silkeborg DEN"]
[Date "2008.03.18"]
[Round "4"]
[White "Knudsen, Per"]
[Black "Jacobsen, Bo"]
[WhiteElo "2305"]
[BlackElo "2316"]
[Result "1/2-1/2"]
[EventDate "2008.03.15"]
[PlyCount "113"]
[Source "ChessBase"]
[SourceDate "2008.05.06"]

1. d4 g6 2. Nf3 Bg7 3. c4 d6 4. Nc3 Bg4 5. g3 Qc8 6. h4 c5 7. Be3 cxd4 8. Bxd4
Nf6 9. Nd5 Nbd7 10. Qa4 Nxd5 11. cxd5 Bxf3 12. exf3 Bxd4 13. Qxd4 O-O 14. Bh3
Ne5 15. Bg2 Qc4 16. Qxc4 Nxc4 17. O-O-O Rfc8 18. Kb1 Rc5 19. h5 Rac8 20. hxg6
hxg6 21. f4 a5 22. Rd3 a4 23. g4 b5 24. Be4 b4 25. Ka1 Ne5 26. Rdh3 Rc1+ 27.
Bb1 Rxh1 28. Rxh1 Nxg4 29. f5 Kg7 30. fxg6 fxg6 31. f3 Ne3 32. Be4 Rc5 33. Rg1
Nxd5 34. Rxg6+ Kf7 35. Kb1 Ne3 36. Rg1 d5 37. Bd3 e5 38. Rg5 d4 39. f4 Kf6 40.
Rg6+ Kf7 41. Rg5 Ke6 42. Rxe5+ Rxe5 43. fxe5 a3 44. bxa3 bxa3 45. Kc1 Kxe5 46.
Kd2 Nd5 47. Bh7 Nb4 48. Bg8 Kd6 49. Bf7 Kc5 50. Bg8 Kc6 51. Bf7 Kd6 52. Bg8 Kc5
53. Be6 Nc6 54. Kd3 Ne5+ 55. Ke4 Nc4 56. Kd3 Nb2+ 57. Ke4 1/2-1/2

[Event "87th DEN-ch"]
[Site "Silkeborg DEN"]
[Date "2008.03.18"]
[Round "4"]
[White "Matthiesen, Arne"]
[Black "Holmsgaard, Henrik"]
[WhiteElo "2314"]
[BlackElo "2324"]
[Result "1/2-1/2"]
[EventDate "2008.03.15"]
[PlyCount "50"]
[Source "ChessBase"]
[SourceDate "2008.05.06"]

1. d4 d5 2. c4 c6 3. Nf3 Nf6 4. e3 Bf5 5. Nc3 e6 6. Nh4 Bg6 7. Be2 Nbd7 8. O-O
Bd6 9. g3 O-O 10. Nxg6 hxg6 11. b3 dxc4 12. bxc4 e5 13. Rb1 Rb8 14. Qc2 Qe7 15.
c5 Bc7 16. Bc4 Kh8 17. Bd2 Rfd8 18. Ne2 Nf8 19. Bc3 Nd5 20. Rb3 Ne6 21. h4 exd4
22. exd4 Qf6 23. Bb2 b5 24. cxb6 Bxb6 25. Kg2 Qf5 1/2-1/2

[Event "87th DEN-ch"]
[Site "Silkeborg DEN"]
[Date "2008.03.18"]
[Round "4"]
[White "Nielsen, Peter Heine"]
[Black "Rasmussen, Karsten"]
[WhiteElo "2629"]
[BlackElo "2486"]
[Result "1-0"]
[EventDate "2008.03.15"]
[PlyCount "47"]
[Source "ChessBase"]
[SourceDate "2008.05.06"]

1. d4 d5 2. c4 e5 3. dxe5 d4 4. Nf3 Nc6 5. a3 Bg4 6. Nbd2 Qe7 7. h3 Bh5 8. Qa4
O-O-O 9. b4 Nxe5 10. Nxe5 Qxe5 11. Bb2 Kb8 12. g4 Bg6 13. Bg2 Nf6 14. Nf3 Qf4
15. O-O h5 16. Bxd4 Rxd4 17. e3 Qd6 18. Nxd4 hxg4 19. Rfd1 gxh3 20. Nc6+ bxc6
21. Rxd6 Bxd6 22. Bxc6 Rh5 23. c5 h2+ 24. Kh1 1-0